De l'étendue du droit de propriété en Égypte : étude historique, juridique et comparée /

محفوظ في:

المؤلف الرئيسي: Mursī, Muḥammad Kāmil (مؤلف)

التنسيق: أطروحة كتاب

اللغة: French

منشور في: Paris : L. Tenin, 1914.

الموضوعات:

الوسوم: إضافة وسم

لا توجد وسوم, كن أول من يضع وسما على هذه التسجيلة!

رقم الطلب: HD130 .M15

LEADER 00909nam a22002777a 4500
003 OSt
005 20250824114739.0
008 250303s1914 fr g b 000 0 fre d
040 |c ARCE Library 
043 |a f-ua--- 
050 1 4 |a HD130   |b .M15  
100 1 |6 880-01  |a Mursī, Muḥammad Kāmil,  |e author 
245 1 0 |a De l'étendue du droit de propriété en Égypte :   |b étude historique, juridique et comparée /   |c par Mohammad Kamel Moursy. 
264 1 |a Paris :   |b L. Tenin,   |c 1914. 
300 |a xxxi pages, 1 l., 434 pages ;   |c 25 cm. 
502 |a Thesis, Dijon, 1914. 
504 |a Bibliography : pages [vii]-xx. 
650 0 |a Property  |z Egypt. 
650 0 |a Real property  |z Egypt. 
650 0 |a Landlord and tenant  |z Egypt. 
650 0 |a Islamic law  |z Egypt. 
880 1 |6 100-01/(3/r  |a مرسي، محمد كامل 
900 |a OCLC 457799507 
901 |a reviewed 
942 |c BK  |2 lcc 
999 |c 17663  |d 17663